Análisis de estabilidad del deslizamiento en El bajo Cacao de Atenas
Kaydedildi:
| Yazar: | |
|---|---|
| Materyal Türü: | Kitap |
| Dil: | Spanish |
| Baskı/Yayın Bilgisi: |
[San José], Costa Rica
2015
|
| Konular: | |
| Etiketler: |
Etiketle
Etiket eklenmemiş, İlk siz ekleyin!
|
MARC
| LEADER | 00000nam a22000007a 4500 | ||
|---|---|---|---|
| 003 | 012132 | ||
| 005 | 20221231143905.0 | ||
| 008 | 150407b2015 cr a|||| |||| 00| 0 spa d | ||
| 040 | |c cru CEDI | ||
| 090 | |a TFG 7297 | ||
| 100 | |9 706 |a Campos Campos, Jorge Antonio | ||
| 245 | |a Análisis de estabilidad del deslizamiento en El bajo Cacao de Atenas | ||
| 260 | |a [San José], Costa Rica |c 2015 | ||
| 500 | |a Proyecto de graduación (licenciatura en ingeniería civil)--Universidad de Costa Rica. Facultad de Ingeniería. Escuela de Ingeniería Civil | ||
| 650 | |x DESPRENDIMIENTOS DE TIERRAS |x MECANICA DE SUELOS |9 707 | ||
| 942 | |c TFG | ||
| 999 | |c 13812 |d 13812 | ||
